Methods for business analysis and forecasting: text and cases

-д хадгалсан:
Номзүйн дэлгэрэнгүй
Үндсэн зохиолч: Tryfos, Peter (Зохиогч)
Формат: Ном
Хэл сонгох:англи
Хэвлэсэн: Nueva York John Wiley 1998
Нөхцлүүд:
Шошгууд: Шошго нэмэх
Шошго байхгүй, Энэхүү баримтыг шошголох эхний хүн болох!

MARC

LEADER 00000nam a2200000 a 4500
001 UCQ3425
003 CL-VaPUC
008 980821e19980000US |||||||||||||||||eng|d
082 0 4 |a 519.5  |b TRY  |2 21 
100 0 |a Tryfos, Peter  |e author  |9 417555 
245 1 0 |a Methods for business analysis and forecasting: text and cases 
300 |a 576 p 
942 |c BK 
945 |d 19980821 00:00:00  |a aarredon 
260 |a Nueva York  |b John Wiley  |c 1998 
500 |a Incluye diskette 
650 0 |a Estadística   |9 259535 
650 7 |a ESTADISTICA COMERCIAL  |2 CL-VaPUC  |9 310152 
650 0 |a Administración estadística  |9 310153 
650 7 |a REGRESION  |2 CL-VaPUC  |9 417556 
650 0 |a Inferencia estadística  |9 312855 
583 |a last modification  |c 19980821 00:00:00  |k Rodrigo Vera 
999 |c 274005  |d 274003 
952 |0 0  |1 0  |4 0  |6 519_500000000000000_TRY_1998  |7 0  |8 A  |9 310038  |a BIBGIM  |b BIBGIM  |d 2019-11-20  |i 3456145  |o 519.5 TRY 1998  |p 3456145  |r 2025-01-15  |w 2019-11-20  |y BK  |k EST